| 000 | 00394nam a2200157Ia 4500 | ||
|---|---|---|---|
| 008 | 210716s2003 xx 000 0 und d | ||
| 020 | _a9780340860076 | ||
| 041 | _aeng | ||
| 082 | _a155.9042 LOOT | ||
| 100 | _aLooker, Terry;Gregson, Olga. | ||
| 245 | _aTeach yourself managing stress. | ||
| 250 | _a1 | ||
| 260 |
_aLondon _bMc Graw Hill _c2003 |
||
| 300 | _ax,214 | ||
| 650 | _aPsychology | ||
| 999 |
_c201617 _d201617 |
||